000 00481nam a2200169Ia 4500
008 210210b1998 xxu||||| |||| 00| 0 eng d
020 _a0 333 65915 5
082 _a820.9 PECT
100 _aPECK (John)
245 _aToni Morrison:New casebooks ed by Linden Peach.
260 _aLondon
_bMacmillan Press Ltd
_c1998
300 _ax,211
650 _aToni Morrison Critical Essays New Case Books
690 _aEnglish Criticism
700 _aCOYLE (Martin).
906 _a056048
999 _c103635
_d103635